• 首页
  • 本馆介绍
  • 公告通知
  • 最新文献
  • 馆藏检索
  • 电子资源
  • 读者导购
  • 参考咨询
  • 我的图书馆
  • 登录
  • 详细信息显示
  • 放入我的书架
  • 预约/预借图书
  • 作者相关作品
  • 分类相关作品
  • 丛书相关作品
  • 出版社相关作品

书目信息

  • 表格格式
  • 工作单格式
  • 卡片格式
题名:
全国计算机等级考试二级基础知识与C达标辅导
    
 
作者: 文莎 , 杨璐 主编
分册:  
出版信息: 北京   高等教育出版社  2000.08
页数: 273页
开本: 26cm
丛书名:
单 册:
中图分类: TP3-44
科图分类:
主题词: 计算技术 , 电子计算机
电子资源:
ISBN: 7-04-008657-3
000 00915nam0 2200241 45
001 0012220957
005 20001222094113.2
010    @a7-04-008657-3@d22.10元
100    @a20001222d km y0chiy0120 ea
101 0  @achi
105    @a z 000yy
200 1  @a全国计算机等级考试二级基础知识与C达标辅导@AQuan Guo Ji Suan Ji Deng Ji Kao Shi Er Ji Ji Chu ZhiShi Yu C Da Biao Fu Dao@e考试药点、试题分析与练习@EKao Shi Yao Dian、Shi Ti Fen Xi Yu Lian Xi@f文莎,杨璐 主编@FWen Sha,Yang Lu Zhu Bian
210    @a北京@c高等教育出版社@d2000.08
215    @a273页@d26cm
300    @a附录:1999年春全国计算机等级考试二级笔试试卷分析与解答等
517    @a考试药点、试题分析与练习@AKao Shi Yao Dian、Shi TiFen Xi Yu Lian Xi
606 0  @a计算技术
606 0  @a电子计算机
690    @aTP3-44@v3
701  0 @a文莎@4主编
701  0 @a杨璐@4主编
801    @aCN@bPftUser@c20001222
905    @aBZT@b73474-475@dTP3-44@e1@f2
    
    全国计算机等级考试二级基础知识与C达标辅导:考试药点、试题分析与练习/文莎,杨璐 主编.-北京:高等教育出版社,2000.08
    273页;26cm
    附录:1999年春全国计算机等级考试二级笔试试卷分析与解答等
    
    ISBN 7-04-008657-3:22.10元
    
●
相关链接 在五车中查询图书 在当当中查询图书 在豆瓣中查询图书


正题名:全国计算机等级考试二级基础知识与C达标辅导     索取号:TP3-44/1         预约/预借

序号 登录号 条形码 馆藏地/架位号 状态 备注
1 73474   200698977   中心书库中库/ 中库028架B面6列5层27/ [索取号:TP3-44/1] 在馆    
2 73475   200698986   中心书库中库/ 中库028架B面6列5层28/ [索取号:TP3-44/1] 在馆    
山东省滨州职业学院图书馆 欢迎您!
大连网信软件有限公司© 版权所有